Sử dụng bài tập trong dạy học hoá học ở trường phổ thông Dành cho giáo viên, sinh viên khoa Hoá học
Kế hoạch dạy học và ý nghĩa của bài tập hoá học ở trường phổ thông. Phân loại bài tập hoá học. Giới thiệu một số bài tập hoá học tự luận và trắc nghiệm ở trường phổ thông
Saved in:
| Main Author: | |
|---|---|
| Format: | Book |
| Language: | Vietnamese |
| Published: |
H.
Đại học Sư phạm
2009
|
| Edition: | Tái bản lần 1, có sửa chữa |
| Subjects: | |
| Tags: |
Add Tag
No Tags, Be the first to tag this record!
|
| Institutions: | Mạng thư viện Đại học Đà Nẵng |
|---|
| LEADER | 01547aam a22003618a 4500 | ||
|---|---|---|---|
| 001 | 000006439 | ||
| 003 | 2594 | ||
| 005 | 20110912070923.0 | ||
| 008 | 110912s2009 viesd | ||
| 020 | |c 23000đ |d 1000b | ||
| 041 | 0 | 0 | |a vie |
| 082 | 1 | 4 | |2 14 |a 540.76 |b NG-T |
| 100 | 1 | |a Nguyễn Xuân Trường | |
| 245 | 1 | 0 | |a Sử dụng bài tập trong dạy học hoá học ở trường phổ thông |b Dành cho giáo viên, sinh viên khoa Hoá học |c Nguyễn Xuân Trường |
| 250 | |a Tái bản lần 1, có sửa chữa | ||
| 260 | |a H. |b Đại học Sư phạm |c 2009 | ||
| 300 | |a 141tr. |c 24cm | ||
| 520 | |a Kế hoạch dạy học và ý nghĩa của bài tập hoá học ở trường phổ thông. Phân loại bài tập hoá học. Giới thiệu một số bài tập hoá học tự luận và trắc nghiệm ở trường phổ thông | ||
| 650 | 7 | |2 Bộ TK TVQG |a Hoá học | |
| 650 | 7 | |2 Bộ TK TVQG |a Bài tập | |
| 650 | 7 | |2 Bộ TK TVQG |a Trường phổ thông | |
| 650 | 7 | |2 Bộ TK TVQG |a Phương pháp giảng dạy | |
| 655 | 7 | |2 Bộ TK TVQG |a Giáo trình | |
| OWN | |a LSP | ||
| AVA | |a UDN50 |b LSP |d 540.76 NG-T |e available |t Error 5001 Not defined in file expand_doc_bib_avail. |f 1 |g 0 |h N |i 0 |k 1 | ||
| 999 | |a From the UDN01 | ||
| AVA | |a UDN50 |b LSP |d 540.76 NG-T |e available |t Error 5001 Not defined in file expand_doc_bib_avail. |f 1 |g 0 |h N |i 0 |k 1 | ||
| TYP | |a Monograph | ||
| TYP | |a Printed language | ||
| 980 | |a Mạng thư viện Đại học Đà Nẵng | ||